Öregbítik a város hírnevét immárom harmadszor nyújtottak át sportkitüntetéseket

Elmentve itt :
Bibliográfiai részletek
Dokumentumtípus: Cikk
Megjelent: 2005-05-21
Sorozat:Délmagyarország 95 No. 117
Kulcsszavak:Berta Róbert, Vajda Attila 1983-, Varga Péter, Bali Mihály 1921-2009, Dobozi Iván, Török György, Szeged, Eseménynaptár Szeged 2005. 05., Kitüntetés Szeged Sportolója, Kitüntetés Szeged Sportjáért
Online Access:http://dmarchiv.bibl.u-szeged.hu/134730
LEADER 00662nab a2200145 i 4500
001 delm134730
005 20191204132757.0
008 191204s2005 hu o 0|| hun d
040 |a SZTE Délmagyarország Archívum  |b hun 
041 |a hun 
245 0 0 |a Öregbítik a város hírnevét   |h [elektronikus dokumentum] :  |b immárom harmadszor nyújtottak át sportkitüntetéseket 
260 |c 2005-05-21 
300 |a 22 
490 0 |a Délmagyarország  |v 95 No. 117 
695 |a Berta Róbert, Vajda Attila 1983-, Varga Péter, Bali Mihály 1921-2009, Dobozi Iván, Török György, Szeged, Eseménynaptár Szeged 2005. 05., Kitüntetés Szeged Sportolója, Kitüntetés Szeged Sportjáért